<The> new era of diplomacy <the> effects of public diplomacy, nation branding and cultural diplomacy
Gespeichert in:
| 1. Verfasser: | |
|---|---|
| Format: | Buch |
| Sprache: | Englisch |
| Veröffentlicht: |
Saarbrücken
LAP LAMBERT Academic Publishing
2011
|
| Schlagworte: | |
| Tags: |
Keine Tags, Fügen Sie das erste Tag hinzu!
|
MARC
| LEADER | 00000nam a2200000 4500 | ||
|---|---|---|---|
| 001 | 0170029 | ||
| 005 | 20221207093709.8 | ||
| 020 | |a 978-3-8443-0152-6 | ||
| 041 | 0 | |a eng | |
| 044 | |a DE | ||
| 245 | 1 | 0 | |a <The> new era of diplomacy |b <the> effects of public diplomacy, nation branding and cultural diplomacy |c Jens Nielsen Sigsgaard |
| 264 | 1 | |a Saarbrücken |b LAP LAMBERT Academic Publishing |c 2011 | |
| 300 | |a 72 s. | ||
| 610 | 2 | 0 | |a diplomacia |
| 610 | 2 | 0 | |a marketing |
| 610 | 2 | 0 | |a stratégia marketingová |
| 610 | 2 | 0 | |a imidž |
| 610 | 2 | 0 | |a kultúra |
| 100 | 1 | |a Nielsen Sigsgaard, Jens | |